| 000 | 00588nam a22001695i 4500 | ||
|---|---|---|---|
| 001 | 152886 | ||
| 003 | ES-MaACL | ||
| 005 | 20230906204919.0 | ||
| 008 | 051019s1881 sp | |||||||| ||spa d | ||
| 040 |
_aCAM _bspa _cCAM |
||
| 100 | 1 |
_aBushnell, H. _932825 |
|
| 245 | 1 | 0 |
_aCristo _b: estudio filosófico / _cpor H. Bushnell. |
| 260 |
_aMadrid : _bLibrería Nacional y Extranjera, _c1881 ( _fImprenta de J. Cruzado) |
||
| 300 |
_a79 p. ; _c16 cm. |
||
| 650 | 4 |
_aCristología. _911443 |
|
| 852 |
_aES-MaACL _jT-413-F-10 _z-- Enc. hol., falto de la cub. original _z-- Enc. en un vol. facticio |
||
| 999 |
_c152886 _d152886 |
||